| 000 | 00000nam 2200000zi 4500 |
| 001 | 9.936741 |
| 003 | CaOODSP |
| 005 | 20251031142449 |
| 006 | m o d f |
| 007 | cr cn||||||||| |
| 008 | 240412t20242024oncb ob f000 0 eng d |
| 020 | |a9780660713564 |
| 040 | |aCaOODSP|beng|erda|cCaOODSP |
| 043 | |an-cn--- |
| 086 | 1 |aM183-2/9178E-PDF |
| 100 | 1 |aCarter, J., |eauthor. |
| 245 | 10|aCurrent state of coastal change monitoring and mapping in Canada : |btowards a national framework / |cJ. Carter and N.L. Hastings. |
| 264 | 1|a[Ottawa] : |bGeological Survey of Canada, |c2024. |
| 264 | 4|c©2024 |
| 300 | |a1 online resource (iii, 39 pages) : |bmaps. |
| 336 | |atext|btxt|2rdacontent |
| 337 | |acomputer|bc|2rdamedia |
| 338 | |aonline resource|bcr|2rdacarrier |
| 490 | 1 |aOpen file, |x2816-7155 ; |v9178 |
| 504 | |aIncludes bibliographical references. |
| 520 | |a"Coastal populations and settlements in Canada will require land use planners and other decisionmakers to understand the hazards and potential instability of coastal environments in Canada. Natural variations in coastal processes will be intensified by the ongoing impacts of climate change, such as rising sea levels and increased storm events. In response, this study outlines the current state of coastal change research in Canada and reviews the methods used across the country for detecting and monitoring coastal change. This study also identifies regions that require further research and suggests possibilities for a potential National Coastal Change Classification System for use in a future Canadawide framework of coastal change research"--Abstract, page 1. |
| 650 | 0|aCoast changes|zCanada. |
| 650 | 0|aCoastal mapping|zCanada. |
| 650 | 6|aLittoral|xModifications|zCanada. |
| 650 | 6|aCartographie littorale|zCanada. |
| 710 | 2 |aGeological Survey of Canada, |eissuing body. |
| 830 | #0|aOpen file (Geological Survey of Canada)|x2816-7155 ; |v9178.|w(CaOODSP)9.506878 |
| 856 | 40|qPDF|s32.00 MB|uhttps://publications.gc.ca/collections/collection_2025/rncan-nrcan/m183-2/M183-2-9178-eng.pdf |
| 856 | 4 |qHTML|sN/A|uhttps://doi.org/10.4095/pzkcg43b8e |